[Event "Commonwealth Ch"]
[Site "Mumbai IND"]
[Date "2003.04.21"]
[Round "2"]
[White "Prasad,D"]
[Black "Sorokin,M"]
[Result "1/2-1/2"]
[WhiteElo "2400"]
[BlackElo "2560"]

1.e4 e5 2.Nf3 Nc6 3.Bb5 a6 4.Ba4 Nf6 5.O-O Be7 6.Re1 b5 7.Bb3 O-O 8.h3 d6
9.c3 Nb8 10.d4 Nbd7 11.Nbd2 Bb7 12.Bc2 Re8 13.Nf1 Bf8 14.Ng3 g6 15.a4 Bg7
16.Bd3 c6 17.Bg5 Qb6 18.Qd2 Rad8 19.b4 Nf8 20.Qc2 Ne6 21.Be3 Qc7 22.Rad1 Nd7
23.Bf1 Rc8 24.Qb3 Nb6 25.dxe5 dxe5 26.a5 Na4 27.c4 Rcd8 28.Rxd8 Rxd8 29.Rd1 Rxd1
30.Qxd1 Nb2 31.Qc2 Nxc4 32.Bxc4 bxc4 33.Qxc4 Qd6 34.Bd2 c5 35.bxc5 Qxc5 36.Qb3 Qb5
37.Qc2 Bf8 38.Bc3 Bd6 39.Nf1 Nf4 40.Ng3 f6 41.Qa2+ Kg7 42.Nd2 Qd3 43.Qc4 Qxc4
44.Nxc4 Bc7 45.f3 Kf7 46.Kf2 Ke6 47.Ne2 Nxe2 48.Kxe2 f5 49.exf5+ gxf5 50.g4 e4
51.fxe4 fxg4 52.hxg4 Bxe4 53.Bd2 Kd5 54.Nb6+ Kc5 55.g5 Bc6 56.Kd3 Be5 57.Be3+ Kb5
58.Nc4 Bc7 59.Bd2 Bd5 60.Nb6 Bf7 61.Kd4 Bd6 62.Nd5 Bg3 63.Nc3+ Kc6 64.Ne4 Bc7
65.Nf6 Bg6 66.Nd5 Bd6 67.Nb4+ Kb5 68.Nd5 Bg3 69.Nc3+ Kc6 70.Nd5 Bf2+ 71.Ke5 Kc5
72.Nb6 Bd4+ 73.Ke6 Be4 74.Nd7+ Kb5 75.Nf6 Bd3 76.Kf7 Bc5  1/2-1/2

[Event "Commonwealth Ch"]
[Site "Mumbai IND"]
[Date "2003.04.23"]
[Round "5"]
[White "Kotronias,V"]
[Black "Prasad,D"]
[Result "1-0"]
[WhiteElo "2597"]
[BlackElo "2400"]

1.e4 e5 2.Nf3 Nc6 3.Bb5 a6 4.Ba4 Nf6 5.O-O Be7 6.Re1 b5 7.Bb3 d6 8.c3 O-O
9.h3 Nb8 10.d4 Nbd7 11.Nbd2 Bb7 12.Bc2 Re8 13.Nf1 Bf8 14.Ng3 g6 15.a4 Bg7
16.Bd3 c6 17.Bg5 Nf8 18.Be3 Qc7 19.Qc2 Ne6 20.b3 Nd7 21.Ne2 Rac8 22.Qb1 Qb8
23.Ra2 Red8 24.Rd1 Qc7 25.Qc1 Re8 26.Rc2 bxa4 27.bxa4 a5 28.Qa3 d5 29.exd5 cxd5
30.dxe5 Nxe5 31.Nxe5 Bxe5 32.Nd4 Nc5 33.Nb5 Qe7 34.Bf1 Ne4 35.Qxe7 Rxe7 36.c4 dxc4
37.Rxc4 Rxc4 38.Bxc4 Kg7 39.Rd8 Bc6 40.Bd5 Bxd5 41.Rxd5 Nf6 42.Rc5 Ne4 43.Rc6 Rd7
44.g4 Rd3 45.Kg2 f5 46.gxf5 gxf5 47.Re6 Bf6 48.Ra6 Be5 49.Re6 Bf6 50.Ra6 Be5
51.Kf3 Nc3 52.Re6 f4 53.Rxe5 fxe3 54.fxe3 Nxa4 55.Nd4 Nb2 56.Nf5+ Kf6 57.Rxa5 Nc4
58.Rc5 Rd7 59.Kf4 Nb2 60.Rc6+ Kf7 61.Kg5 Nd3 62.h4 Ne5 63.Rf6+ Kg8 64.Re6 Nf3+
65.Kf4 Ne1 66.e4 Nd3+ 67.Ke3 Nc5 68.Rc6 Nd3 69.h5 Ne5 70.Re6 Ng4+ 71.Kf4 Kf7
72.Ra6 Nf6 73.h6 Rc7 74.Nd6+ Ke7 75.Nf5+ Kf7 76.Ne3 Rd7 77.Kf5 Ng8 78.Ng4 Rd8
79.Ne5+ Kf8 80.Ng4 Kf7 81.Ra7+ Ne7+ 82.Ke5 Rg8 83.Ne3 Kf8 84.Ra8+ Kf7 85.Ra7 Kf8
86.Rc7 Rg6 87.Kf4 Rf6+ 88.Kg5 Rg6+ 89.Kh5 Re6 90.Rc4 Re5+ 91.Kg4 Re6 92.Kg5 Rg6+
93.Kh5 Nc6 94.Nf5 Kf7 95.Nh4 Re6 96.Nf3 Kg8 97.Ng5 Rf6 98.Ra4 Rf8 99.Ra6 Ne5
100.Ra7 Nf7 101.Ne6 Re8 102.Ng7 Re5+ 103.Nf5 Nd6 104.Ra8+ Kf7 105.Kg5 Nxe4+
106.Kf4 Re6 107.Ra7+ Kg6 108.Rg7+ Kf6 109.Ne3 Re8 110.Nd5+  1-0

[Event "Commonwealth Ch"]
[Site "Mumbai IND"]
[Date "2003.04.24"]
[Round "7"]
[White "Kotronias,V"]
[Black "Kunte,A"]
[Result "1/2-1/2"]
[WhiteElo "2597"]
[BlackElo "2499"]

1.e4 e5 2.Nf3 Nc6 3.Bb5 a6 4.Ba4 Nf6 5.O-O Be7 6.Re1 b5 7.Bb3 d6 8.c3 O-O
9.h3 Nb8 10.d4 Nbd7 11.Nbd2 Bb7 12.Bc2 Re8 13.Nf1 Bf8 14.Ng3 g6 15.a4 Bg7
16.Bd3 c6 17.Bg5 Nf8 18.Be3 Qc7 19.dxe5 dxe5 20.c4 b4 21.c5 Ne6 22.Qb3 a5
23.Bc4 Ba6 24.Bxe6 Rxe6 25.Red1 Bf8 26.Rd2 Rd8 27.Rxd8 Qxd8 28.Ng5 Re7 29.Rd1 Qc7
30.Rd6 Ne8 31.Rd2 Bc8 32.Ne2 h6 33.Nf3 Nf6 34.Qc2 Be6 35.g4 Nd7 36.Ng3 Nb8
37.Qc1 Kh7 38.Rd6 Rd7 39.Rxe6 fxe6 40.Qc4 Bg7 41.Kg2 Re7 42.Ne2 Qc8 43.Nc1 Ra7
44.Nd3 Qa6 45.Qc2 Nd7 46.Nd2 Qc8 47.Nc4 Qb8 48.Nc1 g5 49.Nb3 Nf8 50.Qd1 Ng6
51.Nbxa5 Qc7 52.Qd6 Qf7 53.Qd1 Qc7 54.Qd6 Qf7 55.Qd1  1/2-1/2

[Event "Commonwealth Ch"]
[Site "Mumbai IND"]
[Date "2003.04.25"]
[Round "8"]
[White "Ganguly,S"]
[Black "Vijayalakshmi,S"]
[Result "1/2-1/2"]
[WhiteElo "2542"]
[BlackElo "2414"]

1.e4 e5 2.Nf3 Nc6 3.Bb5 a6 4.Ba4 Nf6 5.O-O Be7 6.Re1 b5 7.Bb3 d6 8.c3 O-O
9.h3 Nb8 10.d4 Nbd7 11.Nbd2 Bb7 12.Bc2 c5 13.a4 Qc7 14.d5 g6 15.b3 Nb6 16.Qe2 bxa4
17.bxa4 a5 18.Nf1 Ba6 19.Bd3 Bxd3 20.Qxd3 Nfd7 21.c4 Rfb8 22.Bd2 Nc8 23.Ne3 Rb4
24.g4 Ncb6 25.Qc2 Kg7 26.Kg2 Rh8 27.Rh1 h6 28.h4 Kf8 29.Ne1 Qd8 30.Kg3 Nf6
31.f3 Qd7 32.Bxb4 cxb4 33.Nd3 Qc7 34.Rac1 Nfd7 35.Rhf1 Nc5 36.Nxc5 Qxc5 37.Nd1 Nd7
38.Qd2 Qc7 39.Nb2 Nc5 40.Qc2 g5 41.h5 Bd8 42.Nd3 Nxd3 43.Qxd3 Qc5 44.Qd2 Bb6
45.Qf2 Ke7 46.Qxc5  1/2-1/2

[Event "LXVII ch-CRC"]
[Site "Cenfotec CRC"]
[Date "2003.06.14"]
[Round "2"]
[White "Granados,C"]
[Black "Bermudez,S"]
[Result "1/2-1/2"]
[WhiteElo "2253"]
[BlackElo "2160"]

1.e4 e5 2.Nf3 Nc6 3.Bb5 a6 4.Ba4 Nf6 5.O-O b5 6.Bb3 Be7 7.Re1 d6 8.c3 O-O
9.h3 Nb8 10.d4 Nbd7 11.Nbd2 Bb7 12.Bc2 Re8 13.Nf1 Bf8 14.Ng3 g6 15.a4 Bg7
16.d5 Qb8  1/2-1/2

[Event "TCh-BIH"]
[Site "Jahorina BIH"]
[Date "2003.06.21"]
[Round "1"]
[White "Kasimdzhanov,R"]
[Black "Stevic,H"]
[Result "1-0"]
[WhiteElo "2680"]
[BlackElo "2550"]

1.e4 e5 2.Nf3 Nc6 3.Bb5 a6 4.Ba4 Nf6 5.O-O Be7 6.Re1 b5 7.Bb3 d6 8.c3 O-O
9.h3 Nb8 10.d4 Nbd7 11.Nbd2 Bb7 12.Bc2 Re8 13.Nf1 Bf8 14.Ng3 g6 15.b3 exd4
16.cxd4 c5 17.d5 Bg7 18.Bf4 Qb6 19.a4 Nf8 20.Qd2 N6d7 21.Rac1 Rad8 22.Bd3 Ne5
23.Nxe5 Bxe5 24.Bxe5 Rxe5 25.Nf1 Rde8 26.Ne3 Bc8 27.axb5 axb5 28.Kh2 R5e7
29.Ra1 Nd7 30.Qa5 Qxa5 31.Rxa5 c4 32.bxc4 Nc5 33.Bc2 b4 34.Rb1 b3 35.Bxb3 Nxe4
36.Kg1 f5 37.Ra8 f4 38.Nf1 Nc5 39.Ba4 Nxa4 40.Rxa4 Bf5 41.Rba1 Re1 42.Kh2 Bd3
43.Rxe1 Rxe1 44.Nd2 Re2 45.Nf3 Rxf2 46.c5 dxc5 47.Ra8+ Kg7 48.d6 Be4 49.Kg1 Bxa8
50.d7  1-0

[Event "ch-IRL"]
[Site "Dublin IRL"]
[Date "2003.07.07"]
[Round "3"]
[White "Daly,C"]
[Black "Short,P"]
[Result "1-0"]
[WhiteElo "2355"]
[BlackElo "2301"]

1.e4 e5 2.Nf3 Nc6 3.Bb5 a6 4.Ba4 Nf6 5.O-O Be7 6.Re1 b5 7.Bb3 d6 8.c3 O-O
9.h3 Nb8 10.d4 Nbd7 11.Nbd2 Bb7 12.Bc2 Re8 13.Nf1 Bf8 14.Ng3 g6 15.a4 Bg7
16.d5 Qe7 17.b3 c6 18.c4 bxc4 19.bxc4 Nc5 20.a5 Rec8 21.Bg5 Rc7 22.Qd2 Bc8
23.Rab1 cxd5 24.exd5 Qf8 25.Rb6 Nfd7 26.Rc6 Rb7 27.Be3 Rb2 28.Qc1 Rab8 29.Ne4 Nxe4
30.Bxe4 f5 31.Bc2 R2b4 32.Ng5 Nc5 33.Bxc5 dxc5 34.Qd1 Bf6 35.Ne6 Bxe6 36.Rxe6 e4
37.Rxa6 Bd4 38.Rc6 Rb2 39.a6 Ra2 40.Rf1 Qd8 41.Bb3 Rb2 42.Ba4 Qh4 43.a7 Ra8
44.d6 Rxf2 45.Kh1 e3 46.d7 e2 47.Rc8+ Kg7 48.Qxe2 Rxe2 49.Rxa8 Qe4 50.Rg8+ Kh6
51.a8=Q Re1 52.Qf8+  1-0

[Event "ch-SLO"]
[Site "Bled SLO"]
[Date "2003.08.03"]
[Round "2"]
[White "Gombac,Jan"]
[Black "Borisek,J"]
[Result "0-1"]
[WhiteElo "2302"]
[BlackElo "2443"]

1.e4 e5 2.Nf3 Nc6 3.Bb5 a6 4.Ba4 Nf6 5.O-O Be7 6.Re1 b5 7.Bb3 d6 8.c3 O-O
9.h3 Nb8 10.d4 Nbd7 11.c4 c6 12.c5 Qc7 13.cxd6 Bxd6 14.Bg5 exd4 15.Bxf6 gxf6
16.Nxd4 Nc5 17.Qc2 Rd8 18.Nxc6 Nxb3 19.axb3 Bb7 20.Nb4 Qxc2 21.Nxc2 Be5 22.f3 Rac8
23.Nc3 Rd2 24.Rac1 a5 25.Red1 Rxd1+ 26.Rxd1 b4 27.Nxb4 axb4 28.Na2 Rb8 29.Nxb4 Bxe4
30.Na6 Rb6 31.fxe4 Rxa6 32.Rd3 Ra2 33.Kf2 Rxb2+ 34.Kf3 Kg7 35.g3 Kg6 36.Re3 h5
37.Rd3 Kg5 38.h4+ Kg6 39.g4 Rh2 40.gxh5+ Kxh5 41.b4 Rh3+ 42.Ke2 Rxd3 43.Kxd3 Kxh4
44.Kc4 Kg4 45.Kd5 Kf4 46.b5 Ke3 47.b6 Kd3 48.b7 Bb8  0-1

[Event "Acropolis WGM"]
[Site "Athens GRE"]
[Date "2003.08.27"]
[Round "3"]
[White "Dembo,Y"]
[Black "Trabert,B"]
[Result "1/2-1/2"]
[WhiteElo "2390"]
[BlackElo "2227"]

1.e4 e5 2.Nf3 Nc6 3.Bb5 a6 4.Ba4 Nf6 5.O-O Be7 6.Re1 b5 7.Bb3 d6 8.c3 O-O
9.h3 Nb8 10.d4 Nbd7 11.Nbd2 Bb7 12.Bc2 Re8 13.Nf1 Bf8 14.Ng3 g6 15.b3 c6
16.Bg5 h6 17.Be3 Qc7 18.Qd2 h5 19.Rac1 Bg7 20.Bb1 Rad8 21.Bg5 Nf8 22.c4 N8h7
23.Bh6 Bxh6 24.Qxh6 Qe7 25.c5 Nd7 26.cxd6 Qxd6 27.dxe5 Nxe5 28.Nxe5 Qxe5
29.f4 Qg7 30.Qxg7+ Kxg7 31.e5 f6 32.Rc5 fxe5 33.Rcxe5 Rxe5 34.fxe5 Re8 35.Nf1 c5
36.Nd2 Ng5 37.h4 Nf7 38.e6 Nd8 39.e7 Nc6 40.Re6 Rxe7 41.Rxg6+ Kf7 42.Nf3 Nd4
43.Ng5+ Ke8 44.Rg8+ Kd7 45.Bd3 Re3 46.Bf1 Re1  1/2-1/2

[Event "Polish Extraleague"]
[Site "Lubniewice POL"]
[Date "2003.09.04"]
[Round "6"]
[White "Dobrowolski,A"]
[Black "Murdzia,P"]
[Result "0-1"]
[WhiteElo "2311"]
[BlackElo "2446"]

1.e4 e5 2.Nf3 Nc6 3.Bb5 a6 4.Ba4 Nf6 5.O-O Be7 6.Re1 b5 7.Bb3 d6 8.c3 O-O
9.h3 Nb8 10.d4 Nbd7 11.Nbd2 Bb7 12.Bc2 Re8 13.Nf1 Bf8 14.Ng3 g6 15.a4 c5
16.d5 c4 17.Bg5 h6 18.Be3 Bg7 19.Qd2 Kh7 20.Ra3 Qc7 21.Rea1 Nc5 22.Qd1 Nfd7
23.Nd2 Nb6 24.axb5 axb5 25.Rxa8 Rxa8 26.Rxa8 Bxa8 27.Qa1 Bb7 28.Qa3 Bc8 29.Qb4 Bd7
30.b3 cxb3 31.Nxb3 Bf8 32.Qa5 Be7 33.Nxc5 dxc5 34.Qa6 Nc4 35.Bc1 Nd6 36.f4 Bc8
37.Qa8 Bh4 38.Ne2 Bf6 39.g4 Kg7 40.f5 Bd7 41.Kg2 b4 42.h4 Bd8 43.f6+ Bxf6
44.Bxh6+ Kxh6 45.g5+ Kh7 46.gxf6 Ne8 47.Qa6 Qd8 48.cxb4 cxb4 49.Qb7 Nxf6
50.Qxb4 Ng4 51.Qe1 Ne3+  0-1

[Event "56th ch-RUS"]
[Site "Krasnoyarsk RUS"]
[Date "2003.09.06"]
[Round "4"]
[White "Klimov,S"]
[Black "Sorokin,M"]
[Result "1/2-1/2"]
[WhiteElo "2512"]
[BlackElo "2560"]

1.e4 e5 2.Nf3 Nc6 3.Bb5 a6 4.Ba4 Nf6 5.O-O Be7 6.Re1 b5 7.Bb3 O-O 8.h3 d6
9.c3 Nb8 10.d4 Nbd7 11.Nbd2 Bb7 12.Bc2 Re8 13.Nf1 c5 14.Ng3 cxd4 15.cxd4 exd4
16.Nxd4 d5  1/2-1/2

[Event "TCh-CRO w"]
[Site "Rabac CRO"]
[Date "2003.09.07"]
[Round "1"]
[White "Kovalevskaya,E"]
[Black "Krivec,J"]
[Result "1-0"]
[WhiteElo "2443"]
[BlackElo "2268"]

1.e4 e5 2.Nf3 Nc6 3.Bb5 a6 4.Ba4 Nf6 5.O-O Be7 6.Re1 b5 7.Bb3 d6 8.c3 O-O
9.h3 Nb8 10.d4 Nbd7 11.Nbd2 Bb7 12.Bc2 Re8 13.Nf1 Bf8 14.Ng3 g6 15.b3 c5
16.d5 Bc8 17.a4 Nb6 18.a5 Nbd7 19.Be3 Bg7 20.Qd2 h5 21.b4 c4 22.Rf1 Nh7 23.Ne2 Ndf8
24.Nh2 g5 25.Ng3 h4 26.Nf5 Ng6 27.Bb6 Qd7 28.Ng4 Ne7 29.Nfe3 Qb7 30.g3 Bxg4
31.hxg4 hxg3 32.fxg3 Nf8 33.Nf5 Nxf5 34.gxf5 f6 35.Bd1 Bh8 36.Kg2 Re7 37.Rh1 Rh7
38.Bg4 Re8 39.Rxh7  1-0

[Event "Classics II GM"]
[Site "Gausdal NOR"]
[Date "2003.10.21"]
[Round "1"]
[White "Kulaots,K"]
[Black "Tallaksen,G"]
[Result "1-0"]
[WhiteElo "2530"]
[BlackElo "2327"]

1.e4 e5 2.Nf3 Nc6 3.Bb5 a6 4.Ba4 Nf6 5.O-O Be7 6.Re1 b5 7.Bb3 d6 8.c3 O-O
9.h3 Nb8 10.d4 Nbd7 11.Nbd2 Bb7 12.Bc2 Re8 13.Nf1 Bf8 14.Ng3 g6 15.b3 c6
16.a4 Bg7 17.Bg5 h6 18.Be3 Qc7 19.Qd2 Kh7 20.h4 Ng4 21.h5 Nxe3 22.Rxe3 exd4
23.cxd4 c5 24.hxg6+ fxg6 25.Rc1 Rac8 26.e5 dxe5 27.dxc5 Nxc5 28.Qe2 Qb8 29.Ng5+ hxg5
30.Qh5+ Kg8 31.Bxg6 Ne6 32.Rxc8 Rxc8 33.Bf7+ Kf8 34.Bxe6 Rc1+ 35.Kh2 Qe8
36.Rf3+ Bxf3 37.Qxf3+ Ke7 38.Nf5+ Kd8 39.Qa8+  1-0

[Event "FSIM November"]
[Site "Budapest HUN"]
[Date "2003.11.03"]
[Round "3"]
[White "Farago,S"]
[Black "Boguszlavszkij,J"]
[Result "1/2-1/2"]
[WhiteElo "2333"]
[BlackElo "2262"]

1.e4 e5 2.Nf3 Nc6 3.Bb5 a6 4.Ba4 Nf6 5.O-O Be7 6.Re1 b5 7.Bb3 d6 8.c3 O-O
9.h3 Nb8 10.d4 Nbd7 11.Nbd2 Bb7 12.Bc2 Re8 13.Nf1 Bf8 14.Ng3 c5 15.d5 c4
16.Bg5 Qc7 17.Qd2 Reb8 18.Nh2 Ne8 19.Ng4 Bc8 20.Rf1 a5  1/2-1/2

[Event "ch-IND A Women"]
[Site "Calicut IND"]
[Date "2003.11.12"]
[Round "5"]
[White "Pratibha,Y"]
[Black "Swathi,G"]
[Result "1-0"]
[WhiteElo "2231"]
[BlackElo "2309"]

1.e4 e5 2.Nf3 Nc6 3.Bb5 a6 4.Ba4 Nf6 5.O-O Be7 6.Re1 b5 7.Bb3 d6 8.c3 O-O
9.h3 Nb8 10.d4 Nbd7 11.Nbd2 Bb7 12.Bc2 Re8 13.Nf1 Bf8 14.Ng3 g6 15.Nh2 d5
16.exd5 exd4 17.Rxe8 Qxe8 18.cxd4 Bxd5 19.Bf4 Qc8 20.Rc1 Qb7 21.Bb3 Bxb3
22.Qxb3 c5 23.Nf3 Qd5 24.Qxd5 Nxd5 25.Bd2 c4 26.Re1 N7b6 27.Ne4 Bg7 28.Nc5 Bf8
29.Ne5 f6 30.Ned7 Nxd7 31.Nxd7 Kf7 32.Nxf8 Rxf8 33.Kf1 Rd8 34.g4 Rd6 35.f3 Re6
36.Rc1 Ke7 37.Kf2 Kd7 38.h4 Kc6 39.b3 Nb6 40.a4 Kd5 41.a5 Nc8 42.bxc4+ bxc4
43.Rb1 Kxd4 44.Rb7 Re7 45.Rb8 Rc7 46.Bf4 Rc6 47.Rb7 h5 48.Rg7 hxg4 49.fxg4 Ke4
50.Kg3 f5 51.h5 gxh5 52.gxh5 c3 53.h6 c2 54.h7 Rc3+ 55.Kh2 Kxf4 56.Rg1 c1=Q
57.Rxc1 Rxc1 58.h8=Q Rc2+ 59.Kg1  1-0

[Event "1st GM"]
[Site "Nagykanizsa HUN"]
[Date "2003.11.12"]
[Round "8"]
[White "Vajda,L"]
[Black "Gyimesi,Z"]
[Result "1-0"]
[WhiteElo "2537"]
[BlackElo "2537"]

1.e4 e5 2.Nf3 Nc6 3.Bb5 a6 4.Ba4 Nf6 5.O-O Be7 6.Re1 b5 7.Bb3 d6 8.c3 O-O
9.h3 Nb8 10.d4 Nbd7 11.Nbd2 Bb7 12.Bc2 Re8 13.Nf1 Bf8 14.Ng3 g6 15.h4 d5
16.Bg5 h6 17.Bxf6 Qxf6 18.h5 dxe4 19.Nxe4 Qg7 20.hxg6 fxg6 21.a4 Kh8 22.axb5 axb5
23.Rxa8 Bxa8 24.Ng3 Bd6 25.Nh4 Nf8 26.Qg4 Re6 27.Bb3 Re8 28.f4 e4 29.Nf3 h5
30.Qh4 Be7 31.Ng5 Bxg5 32.Qxg5 Bc6 33.Qc5 Qf6 34.d5 Qxf4 35.Qd4+ Kh7 36.Ne2 Qf7
37.Rf1 Qg8 38.Ng3  1-0

[Event "7th Cup GM"]
[Site "Paks HUN"]
[Date "2003.11.22"]
[Round "4"]
[White "Papp,Ga"]
[Black "Kayumov,S"]
[Result "1/2-1/2"]
[WhiteElo "2432"]
[BlackElo "2434"]

1.e4 e5 2.Nf3 Nc6 3.Bb5 a6 4.Ba4 Nf6 5.O-O Be7 6.Re1 b5 7.Bb3 d6 8.c3 O-O
9.h3 Nb8 10.d4 Nbd7 11.Nbd2 Bb7 12.Bc2 Re8 13.a4 c5 14.d5 c4 15.Nf1 Bf8 16.Ng3 g6
17.Bg5 h6 18.Be3 Nc5 19.Qd2 h5 20.Bg5 Be7 21.Rf1 h4 22.Bxh4 Nfxe4 23.Nxe4 Nxe4
24.Bxe4 Bxh4 25.axb5 axb5 26.Rxa8 Bxa8 27.g4 Bf6 28.g5 Be7 29.Kh2 Kg7 30.Rg1 Rh8
31.Rg3 Rh5 32.Kg2 Bb7 33.Qe3 Qa8 34.Qd2 Rh8 35.h4 Bc8 36.Qe3 Bb7 37.Qd2 Bc8  1/2-1/2

[Event "TCh-SLO"]
[Site "Celje SLO"]
[Date "2003.11.23"]
[Round "9"]
[White "Borisek,J"]
[Black "Zaja,I"]
[Result "1/2-1/2"]
[WhiteElo "2445"]
[BlackElo "2427"]

1.e4 e5 2.Nf3 Nc6 3.Bb5 a6 4.Ba4 Nf6 5.O-O Be7 6.Re1 b5 7.Bb3 d6 8.c3 O-O
9.h3 Nb8 10.d3 Bb7 11.Nbd2 Nbd7  1/2-1/2

[Event "IM"]
[Site "Varazdin CRO"]
[Date "2003.11.26"]
[Round "9"]
[White "Orak,L"]
[Black "Ivanov,J"]
[Result "0-1"]
[WhiteElo "2285"]
[BlackElo "2426"]

1.e4 e5 2.Nf3 Nc6 3.Bb5 a6 4.Ba4 Nf6 5.O-O Be7 6.Re1 b5 7.Bb3 d6 8.c3 O-O
9.h3 Nb8 10.d4 Nbd7 11.Nbd2 Bb7 12.Bc2 c5 13.a4 Qc7 14.d5 c4 15.Nf1 Nc5 16.Ng3 Rfb8
17.Nf5 Bf8 18.Bg5 Ne8 19.axb5 axb5 20.Qe2 Bc8 21.g4 Ra6 22.Rxa6 Bxa6 23.Qd2 Bc8
24.Ra1 Bxf5 25.gxf5 Be7 26.Be3 Nf6 27.Bxc5 Qxc5 28.Qe3 Qc8 29.Nd2 Nh5 30.b3 cxb3
31.Nxb3 Bd8 32.Bd1 Nf4 33.Kh2 Bb6 34.Qf3 Ra8 35.Rxa8 Qxa8 36.f6 Qa2 37.Nc1 Qd2
38.Nb3 Qe1 39.Qg4 Qxf2+ 40.Kh1 Qf1+ 41.Kh2 Bg1+ 42.Kh1 Be3+ 43.Kh2 Ng6  0-1

[Event "Viasat TV Match"]
[Site "Stockholm SWE"]
[Date "2003.12.04"]
[Round "1"]
[White "Agrest,E"]
[Black "Carlsson,P"]
[Result "1-0"]
[WhiteElo "2605"]
[BlackElo "2360"]

1.e4 e5 2.Nf3 Nc6 3.Bb5 a6 4.Ba4 Nf6 5.O-O Be7 6.Re1 b5 7.Bb3 d6 8.c3 O-O
9.h3 Nb8 10.d4 Nbd7 11.Nbd2 Bb7 12.Bc2 Re8 13.Nf1 Bf8 14.Ng3 g6 15.b3 c6
16.Bg5 h6 17.Be3 Qc7 18.Qd2 Kh7 19.Rad1 Rad8 20.Qc1 Bg7 21.Nh2 d5 22.dxe5 Qxe5
23.f4 Qxc3 24.e5 Ne4 25.Bxe4 Qxc1 26.Rxc1 dxe4 27.Nxe4 Bf8 28.Ng4 Be7 29.Red1 Kg7
30.Nd6 Bxd6 31.Rxd6 h5 32.Nf2 Nf8 33.Ne4 Ne6 34.Bb6 Rxd6 35.exd6 Bc8 36.Rxc6 Nxf4
37.Rxc8 Rxc8 38.d7 Rb8 39.d8=Q Rxd8 40.Bxd8 Ne2+ 41.Kf2 Nc1 42.Bf6+ Kf8 43.Nc3 b4
44.Ne2 Nxa2 45.Ke3 Ke8 46.Kd4 Kd7 47.Kd5 a5 48.Bb2 h4 49.Bf6 Kc7 50.Kc4 Kc6
51.Bxh4 Kd6 52.Bd8 Ke5 53.Bxa5 Ke4 54.Bb6 f5 55.h4 f4 56.Bc7 f3 57.gxf3+ Kxf3
58.Kd3 Kg4 59.Bd8 Kf3 60.Bg5 Kg4 61.Nf4 Kf5 62.Kc4 Nc3 63.Kxb4 Ne4 64.Nd5 Nxg5
65.hxg5 Kxg5 66.Ne7 Kf6 67.Nxg6 Kxg6 68.Kc5 Kf7 69.Kc6 Ke8 70.Kc7 Ke7 71.b4 Ke6
72.b5 Kd5 73.b6 Kc5 74.b7 Kd5 75.b8=Q Ke6 76.Qb5 Ke7 77.Qf5 Ke8 78.Qd7+ Kf8
79.Kd6 Kg8 80.Ke6 Kh8 81.Kf6 Kg8 82.Qg7+  1-0

[Event "ch-IND National A"]
[Site "Calicut IND"]
[Date "2003.12.06"]
[Round "5"]
[White "Sareen,V"]
[Black "Sriram,J"]
[Result "1/2-1/2"]
[WhiteElo "2367"]
[BlackElo "2458"]

1.e4 e5 2.Nf3 Nc6 3.Bb5 a6 4.Ba4 Nf6 5.O-O Be7 6.Re1 b5 7.Bb3 d6 8.c3 O-O
9.h3 Nb8 10.d4 Nbd7 11.d5 Bb7 12.Nbd2 c6 13.dxc6 Bxc6 14.Bc2 Nc5 15.b4 Ne6
16.Nf1 Qc7 17.Ng3 g6 18.Bb3 Rfe8 19.Ng5 Bd7 20.Qf3 Rac8 21.Nxe6 Bxe6 22.Bd2 Bc4
23.Bg5 Nd7 24.Bxe7 Rxe7 25.Rac1 Nb6 26.Nf1 d5 27.exd5 Nxd5 28.Ne3 e4 29.Nxd5 Bxd5
30.Qf6 Bxb3 31.axb3 Re6 32.Qg5 Qb6 33.Qd5 e3 34.fxe3 Rxe3 35.Kh1 Rcxc3 36.Rf1 Qc7
37.Qa8+ Kg7 38.Rxc3 Rxc3 39.Qxa6 Qe5 40.Qa1 f6 41.Qa7+ Rc7 42.Qb6 Rd7 43.Qc5 Qe2
44.Rg1 g5 45.Qf5 Rd3 46.Rf1 Rd6 47.Rg1 Qe5 48.Qd7+ Kh6 49.Qxb5 Qc5  1/2-1/2

[Event "ch-IND National A"]
[Site "Calicut IND"]
[Date "2003.12.09"]
[Round "9"]
[White "Satyapragyan,S"]
[Black "Sriram,J"]
[Result "0-1"]
[WhiteElo "2415"]
[BlackElo "2458"]

1.e4 e5 2.Nf3 Nc6 3.Bb5 a6 4.Ba4 Nf6 5.O-O Be7 6.Re1 b5 7.Bb3 d6 8.c3 O-O
9.h3 Nb8 10.d4 Nbd7 11.Nbd2 Bb7 12.Bc2 Re8 13.Nf1 Bf8 14.Ng3 g6 15.a4 Bg7
16.d5 Qb8 17.b3 c6 18.c4 bxc4 19.bxc4 a5 20.Be3 Qc7 21.Rb1 Ba6 22.Bd3 Nc5
23.Bf1 Nfd7 24.Qc2 Reb8 25.Ra1 Rb7 26.Nd2 Rab8 27.Ra2 Rb4 28.Nb1 Qb7 29.dxc6 Qxc6
30.Bd2 Rxa4 31.Rxa4 Nxa4 32.Bxa5 Rb2 33.Qc1 Rb3 34.Bd2 Ndc5 35.Be3 Ne6 36.Qd1 Rb8
37.Na3 Nd4 38.Nb5 Bxb5 39.cxb5 Qa8 40.Bxd4 exd4 41.Qf3 Nc3 42.Bc4 Qa7 43.Qd3 Qc5
44.Nf1 Rc8 45.Bb3 Qxb5 46.Qxb5 Nxb5 47.Nd2 Nc3 48.Nf3 Rb8 49.Bc4 Rb4 50.Bd3 Ra4
51.Nd2 Be5 52.g3 g5 53.Nc4 Ra2 54.Rf1 Ne2+ 55.Kh1 h5 56.Re1 Nc3 57.Kg2 Kf8
58.Kf3 Ke7 59.Rc1 Ra4 60.Rc2 Rb4 61.Rb2 Rxb2 62.Nxb2 Kd7 63.Bc4 Ke7 64.Nd3 Kf6
65.Bb3 Kg6 66.Bc2 Kf6 67.Nb4 Ke7 68.Nd5+ Kd7 69.Ne3 dxe3 70.Kxe3 Kc6 71.Kd3 Kc5
72.Bd1 h4 73.gxh4 gxh4 74.Bh5 f6 75.f3 Kb4 76.Bf7 Bf4 77.Kc2 Bd2 78.Be6 Kc5
79.Kd3 Kb4 80.Kc2 Be1 81.Bf7 Kc5 82.Kd3 Kc6 83.Be6 Kc7 84.Bg4 Kd8 85.Kc2 Ke7
86.Kd3 Kf7 87.Bf5 Kg7 88.Bg4 Kh6 89.Kc2 Kg5 90.Kd3 Kf4 91.Kc2 Ke3 92.Bh5 Kd4
93.Bg4 Bg3 94.Bh5 Be5 95.Bg4 Ke3 96.Bh5 Kf4 97.Bg4 d5 98.exd5 f5 99.Bh5 Kg3
100.Bg6 f4 101.Bf5 Kxf3 102.d6 Bxd6 103.Kxc3 Ke3 104.Bd3 f3 105.Kc2 Kf2 106.Be4 Ke2
107.Bd3+ Ke1  0-1

[Event "2nd Subasic Mem"]
[Site "Zenica BIH"]
[Date "2003.12.09"]
[Round "6"]
[White "Muratovic,En"]
[Black "Saric,Ib"]
[Result "1/2-1/2"]
[WhiteElo "2281"]
[BlackElo "2415"]

1.e4 e5 2.Nf3 Nc6 3.Bb5 a6 4.Ba4 Nf6 5.O-O Be7 6.Re1 b5 7.Bb3 d6 8.c3 O-O
9.h3 Nb8 10.d4 Nbd7 11.Bc2 Bb7 12.Nbd2 Re8 13.Nf1 Bf8 14.Ng3 c5 15.d5 c4
16.Bg5 Qc7 17.Nf5 Reb8 18.Qd2 Bc8 19.N3h4 Ne8 20.Be7 Nc5 21.Qg5 Bxf5 22.Nxf5 f6
23.Nh6+  1/2-1/2

[Event "ch-IND National A"]
[Site "Calicut IND"]
[Date "2003.12.12"]
[Round "13"]
[White "Thipsay,P"]
[Black "Sriram,J"]
[Result "1/2-1/2"]
[WhiteElo "2486"]
[BlackElo "2458"]

1.e4 e5 2.Nf3 Nc6 3.Bb5 a6 4.Ba4 Nf6 5.O-O Be7 6.Re1 b5 7.Bb3 d6 8.c3 O-O
9.h3 Nb8 10.d4 Nbd7 11.Nbd2 Bb7 12.Bc2 Re8 13.Nf1 Bf8 14.Ng3 g6 15.Bg5 h6
16.Bd2 Bg7 17.a4 c5 18.d5 c4 19.b4 cxb3 20.Bxb3 Nc5 21.axb5 axb5 22.Bc2 Qc7
23.Rb1 Ba6 24.Rb4 Nfd7 25.Nh2 h5 26.Ngf1 Nb6 27.g4 hxg4 28.Nxg4 Qe7 29.Kh2 Nc4
30.Bc1 Reb8 31.Nfe3 Nxe3 32.Bxe3 Bc8 33.Rg1 Na6 34.Rb1 b4 35.Qd2 bxc3  1/2-1/2

[Event "19th Winter Open"]
[Site "Nice FRA"]
[Date "2003.12.28"]
[Round "5"]
[White "Dunis,A"]
[Black "Bujisho,B"]
[Result "1-0"]
[WhiteElo "2399"]
[BlackElo "2381"]

1.e4 e5 2.Nf3 Nc6 3.Bb5 a6 4.Ba4 Nf6 5.O-O Be7 6.Re1 b5 7.Bb3 d6 8.c3 O-O
9.h3 Nb8 10.d4 Nbd7 11.Nbd2 Bb7 12.Bc2 Re8 13.Nf1 Bf8 14.Ng3 g6 15.b3 Bg7
16.d5 Qe7 17.Be3 c6 18.c4 cxd5 19.cxd5 Rec8 20.Qd2 Rc7 21.b4 Rcc8 22.a4 bxa4
23.Bxa4 Rc4 24.Bc2 Qd8 25.Bd3 Rcc8 26.Bg5 a5 27.bxa5 Nc5 28.Reb1 Ra7 29.Be3 Nfd7
30.Bb5 Rca8 31.Qb4 Bc8 32.Bxd7 Bxd7 33.Bxc5 dxc5 34.Qxc5 Bf8 35.Qc3 f6 36.Rb6 Qxb6
37.axb6 Rxa1+ 38.Kh2 Bc8 39.d6 Bxd6 40.b7 Bxb7 41.Qb3+ Kf8 42.Qxb7 Be7 43.Ne2 R1a7
44.Qc6 Ra6 45.Qc1 Ra1 46.Qh6+ Kg8 47.Nc3 Bc5 48.Qd2 Bf8 49.Qb2 Bg7 50.g3 Kh8
51.Kg2 R1a7 52.h4 h5 53.Nd2 Kh7 54.Nc4 Rc7 55.Ne3 Rca7 56.Qe2 Ra3 57.Ncd5 R3a7
58.g4 hxg4 59.Qxg4 Rg8 60.Qe6 Rf8 61.Ne7 Kh6 62.N7d5  1-0

[Event "10th Open"]
[Site "Bosnjaci CRO"]
[Date "2004.01.04"]
[Round "2"]
[White "Ascic,P"]
[Black "Saric,Ib"]
[Result "1-0"]
[WhiteElo "2317"]
[BlackElo "2413"]

1.e4 e5 2.Nf3 Nc6 3.Bb5 a6 4.Ba4 Nf6 5.O-O Be7 6.Re1 b5 7.Bb3 d6 8.c3 O-O
9.h3 Nb8 10.d4 Nbd7 11.a4 Bb7 12.Nbd2 c5 13.d5 c4 14.Bc2 Qc7 15.Nf1 Rfb8
16.Ng3 Bc8 17.Nf5 Bf8 18.Nh2 Nc5 19.Qf3 Ne8 20.Ng4 Kh8 21.Nge3 Bd7 22.axb5 axb5
23.Bd2 Ra7 24.Reb1 Rba8 25.Qd1 Nf6 26.Ng3 Be8 27.Nef1 Nfd7 28.Be3 Nb6 29.Nd2 Bd7
30.Kh2 Be7 31.Rxa7 Rxa7 32.Ra1 Kg8 33.Qb1 h6 34.Ra2 Bg5 35.Bxg5 hxg5 36.Rxa7 Qxa7
37.Ngf1 g6 38.Ne3 Kg7 39.Kg1 Qa8 40.Bd1 Nba4 41.Qa2 f5 42.Bxa4 Nxa4 43.Qa3 Qb8
44.Qb4 Qc7 45.Ndf1 Kf6 46.exf5 gxf5 47.Nd2 Nc5 48.Qa3 Qb7 49.b4 Nd3 50.Qa5 Ke7
51.Nf3 Nf4 52.Qa1 Nxd5 53.Nxg5 Nf4 54.Qe1 Kf6 55.h4 Bc6 56.Qd1 Qd7 57.g3 Ng6
58.Qh5 Qa7 59.Nh7+  1-0

[Event "ch-AUS"]
[Site "Adelaide AUS"]
[Date "2004.01.07"]
[Round "8"]
[White "Rogers,I"]
[Black "Solomon,SJ"]
[Result "1-0"]
[WhiteElo "2574"]
[BlackElo "2400"]

1.e4 e5 2.Nf3 Nc6 3.Bb5 a6 4.Ba4 Nf6 5.O-O Be7 6.Re1 b5 7.Bb3 d6 8.c3 O-O
9.h3 Nb8 10.d4 Nbd7 11.Nbd2 Bb7 12.a4 c5 13.Bc2 Re8 14.Nf1 d5 15.dxe5 Nxe4
16.Ne3 Nf8 17.Nxd5 Bxd5 18.Bxe4 Bxe4 19.Qxd8 Rexd8 20.Rxe4 Ne6 21.Be3 c4
22.Kf1 Bc5 23.Bg5 Rdc8 24.Re2 h6 25.Bc1 Kf8 26.g3 Bb6 27.h4 Ke7 28.h5 Nc5
29.Nd4 Nxa4 30.Nf5+ Kf8 31.e6 fxe6 32.Rxe6 Rc5 33.g4 Bd8 34.Rg6 Rxf5 35.gxf5 Bf6
36.Bxh6 Kf7 37.Rd1 Nc5 38.Rd5 Rc8 39.Be3 Nd3 40.Rd7+ Ke8 41.Rdxg7 Bxg7 42.Rxg7 Ne5
43.h6 Kf8 44.f6 Nf7 45.h7 Ke8 46.h8=Q+ Nxh8 47.Re7+ Kf8 48.Bh6+  1-0